00317nam a2200121Ia 4500008004100000041001200041082002000053100001500073245004000088260003600128300000800164650002300172231217s9999 xx 000 0 und d aEnglish a158.3 SET;1 R aSethi, M R 0aBetter applications for better jobs c1997bGoodwill Publ.aNew Delhi a253 aBetter,better,jobs